| 000 | 00305 a2200121 4500 | ||
|---|---|---|---|
| 001 | 58750 | ||
| 082 | _a671.5 LAU | ||
| 090 |
_c36065 _d36065 |
||
| 100 | _aLAughner Vallory H. | ||
| 245 | _aHandbook of fastening and joining of metal parts | ||
| 260 |
_aLondon _bMc-Graw-Hill books _c1956 |
||
| 300 | _a622 | ||
| 942 |
_aNUST-CAE _k671.5 LAU |
||
| 999 |
_c293823 _d293823 |
||